US Presidents Playing Sports Quiz Stats

 Plays Quiz Updated Oct 5, 2018

Score 0/12 Timer 05:00
3 Plays Today
% Correct
Donald Trump - Basketball
96.3%
George W. Bush - Beach Volleyball
95.9%
Bill Clinton - Archery
95.9%
Barack Obama - Football
95.5%
John F. Kennedy - Sailing
94.7%
Richard Nixon - Bowling
94.1%
Ronald Reagan - Hockey
92.1%
George H.W. Bush - Tennis
90.3%
Jimmy Carter - Softball
89.6%
Dwight D. Eisenhower - Golf
80.8%
Gerald Ford - Skiing
71.6%
Lyndon B. Johnson - Rodeo
51.2%

You're not logged in!

Compare scores with friends on all Sporcle quizzes.
OR
Log In

Sporcle TV

Today on Sporcle TV


Watch our educational content, quiz creation guides, and fun videos on Sporcle TV.

Show Comments

Extras

Top Quizzes Today


Score Distribution

Your Account Isn't Verified!

In order to create a playlist on Sporcle, you need to verify the email address you used during registration. Go to your Sporcle Settings to finish the process.

Report this User

Report this user for behavior that violates our Community Guidelines.

Details: